[Event "Tournoi francophone 008 Groupe C"]
[Site "Skype"]
[Date "????.??.??"]
[Round "1.1"]
[White "Gabriele, Noel"]
[Black "Vincent, Andre"]
[Result "0-1"]
[WhiteElo "1395"]
[BlackElo "1337"]
[PlyCount "100"]

1. Nf3 d5 2. d4 c6 3. e3 Nf6 4. Bd3 Be6 5. Ng5 Bg4 6. f3 Bh5 7. O-O Qd7 8. Qe1
h6 9. Nh3 g5 10. Nf4 gxf4 11. exf4 Bg6 12. Bxg6 fxg6 13. Qg3 Qf5 14. Rf2 Bg7
15. c3 Nh5 16. Qg4 Qxg4 17. fxg4 Nf6 18. h3 Ne4 19. Rf3 Nd7 20. Nd2 Nxd2 21.
Bxd2 c5 22. dxc5 Nxc5 23. Re1 Ne4 24. Be3 b6 25. Rd1 O-O-O 26. Rd3 e6 27. Rf1
Rd7 28. Rfd1 Rhd8 29. Kf1 d4 30. cxd4 Rd5 31. Ke2 Bf6 32. Kf3 Nd6 33. b3 Kb7
34. Bc1 Nb5 35. Bb2 Rc8 36. Ke4 Rc2 37. Ba1 Rxa2 38. g3 a5 39. Kf3 Rc2 40. Ke3
Nd6 41. Kf3 b5 42. Ke3 b4 43. Kf3 Kb8 44. Ke3 Kb7 45. Rb1 Kb6 46. Kf3 Kb5 47.
Ke3 Ka6 48. Kf3 Nb5 49. Rbd1 Nc3 50. Ke3 Nxd1+ 0-1

[Event "Tournoi francophone 008 Groupe C"]
[Site "Skype"]
[Date "????.??.??"]
[Round "1.3"]
[White "Harmelle, Dominique"]
[Black "Lemoine, Gerard"]
[Result "1-0"]
[WhiteElo "1362"]
[BlackElo "1559"]
[PlyCount "97"]

1. d4 d5 2. Bf4 Bf5 3. e3 e6 4. Nf3 Bb4+ 5. c3 Ba5 6. Nbd2 c6 7. Qb3 Bb6 8. Be2
Nf6 9. h3 Nbd7 10. Ne5 Qc8 11. O-O Bc7 12. Ndf3 Bxe5 13. Nxe5 Ne4 14. Qa3 f6
15. Nxd7 Qxd7 16. f3 Nd2 17. Rfd1 Nc4 18. Bxc4 dxc4 19. e4 Bg6 20. Qb4 b5 21.
a4 Kf7 22. axb5 cxb5 23. Ra6 e5 24. Rd6 Qe8 25. dxe5 fxe5 26. Bg5 Rf8 27. Rd7+
Kg8 28. Re7 Qc6 29. Rd6 a5 30. Qa3 b4 31. Rxc6 bxa3 32. bxa3 h6 33. Be3 Rf7 34.
Rxe5 Rf6 35. Rxc4 Bf7 36. Ra4 Rc6 37. Bd4 Bb3 38. Raxa5 Rxa5 39. Rxa5 Bd1 40.
Ra7 Rg6 41. Kf2 Kh7 42. c4 h5 43. h4 Bb3 44. c5 Bc4 45. a4 Be6 46. a5 Bc8 47.
Rc7 Ba6 48. f4 Kg8 49. f5 1-0

[Event "Tournoi francophone 008 Groupe C"]
[Site "Skype"]
[Date "????.??.??"]
[Round "1.4"]
[White "Hargez, Dany"]
[Black "Marino, Giuseppe"]
[Result "0-1"]
[WhiteElo "1292"]
[BlackElo "1357"]
[PlyCount "76"]

1. e4 e5 2. Nf3 d6 3. d4 exd4 4. Qxd4 Nf6 5. Bg5 Be7 6. Bxf6 Bxf6 7. Qa4+ c6 8.
c3 Be6 9. Nbd2 Nd7 10. Bc4 Nb6 11. Qb3 Bxc4 12. Nxc4 Nxc4 13. Qxc4 O-O 14. O-O
Re8 15. Rfe1 Qc7 16. Qd3 Rad8 17. Qc2 a6 18. Rad1 Re6 19. Re3 Rde8 20. Rde1 g6
21. h4 Qd8 22. g3 Bg7 23. Qe2 b5 24. b4 Bf6 25. Kg2 a5 26. Nd4 Bxd4 27. cxd4
axb4 28. f4 f6 29. f5 R6e7 30. fxg6 hxg6 31. e5 dxe5 32. dxe5 Qd5+ 33. Kf1 Rxe5
34. Rxe5 Rxe5 35. Qg4 Qh1+ 36. Kf2 Qxe1+ 37. Kg2 Re2+ 38. Qxe2 Qxe2+ 0-1

[Event "Tournoi francophone 008 Groupe C"]
[Site "Skype"]
[Date "????.??.??"]
[Round "2.2"]
[White "Marino, Giuseppe"]
[Black "Guillaume, Mickael"]
[Result "1/2-1/2"]
[WhiteElo "1357"]
[BlackElo "1366"]
[PlyCount "75"]

1. d4 d5 2. Nf3 Nf6 3. e3 Bf5 4. Bd3 e6 5. Bxf5 exf5 6. O-O Nc6 7. c3 Bd6 8.
Re1 O-O 9. Qc2 Ne4 10. Nbd2 Re8 11. b3 g5 12. g3 h5 13. Nxe4 fxe4 14. Nd2 f5
15. f3 Qe7 16. Qd1 Qh7 17. Qe2 a6 18. Qg2 Red8 19. Kf2 Qe7 20. Rh1 Kh8 21. Bb2
Kg7 22. f4 g4 23. h3 Qf7 24. hxg4 hxg4 25. Rh2 Rh8 26. Rah1 Rxh2 27. Rxh2 Rh8
28. Qh1 Rxh2+ 29. Qxh2 Be7 30. a3 b5 31. c4 bxc4 32. bxc4 Nd8 33. c5 c6 34. Bc3
Ne6 35. Ke2 Qg8 36. Qh5 Kf6 37. Qh6+ Qg6 38. Qxg6+ 1/2-1/2

[Event "Tournoi francophone 008 Groupe C"]
[Site "Skype"]
[Date "????.??.??"]
[Round "2.3"]
[White "Lemoine, Gerard"]
[Black "Hargez, Dany"]
[Result "0-1"]
[WhiteElo "1559"]
[BlackElo "1292"]
[PlyCount "105"]

1. d4 f5 2. c4 e6 3. Nf3 b6 4. Bg5 Be7 5. Bxe7 Qxe7 6. Nc3 Bb7 7. Qc2 Nf6 8.
Nd2 Nc6 9. e3 Nb4 10. Qb1 O-O 11. a3 Nc6 12. Be2 Nd8 13. O-O Nf7 14. Bf3 Bxf3
15. Nxf3 Nd6 16. Nd2 Ng4 17. h3 Nh6 18. Re1 Rf6 19. e4 Rg6 20. f4 Rf8 21. e5
Qh4 22. exd6 Qxh3 23. Re2 cxd6 24. Qf1 Rg3 25. Rae1 Ng4 26. Nf3 Rf6 27. Nd1 Rh6
28. Nf2 Nxf2 29. Kxf2 Qg4 30. Ke3 Rg6 31. Kd2 Qxf4+ 32. Kd1 Qg4 33. Nh2 Qxd4+
34. Rd2 Qh4 35. Nf3 Qg4 36. Ree2 Qxc4 37. Rc2 Qd3+ 38. Ke1 Qd5 39. Rc8+ Kf7 40.
Rd2 Qe4+ 41. Kd1 Qg4 42. Rxd6 Ke7 43. Rd4 f4 44. Qb5 e5 45. Rxd7+ Qxd7+ 46.
Qxd7+ Kxd7 47. Rc2 Rd6+ 48. Ke1 e4 49. Ne5+ Ke6 50. Nc6 f3 51. Kf2 Rxg2+ 52.
Ke3 Rxc2 53. Nd4+ 0-1

[Event "Tournoi francophone 008 Groupe C"]
[Site "Skype"]
[Date "????.??.??"]
[Round "2.4"]
[White "Bustos, Ricardo"]
[Black "Harmelle, Dominique"]
[Result "0-1"]
[WhiteElo "1282"]
[BlackElo "1362"]
[PlyCount "64"]

1. d4 Nf6 2. c4 e5 3. dxe5 Ng4 4. Nf3 Nc6 5. e6 dxe6 6. Qxd8+ Nxd8 7. h3 Nf6 8.
Nc3 Bb4 9. Bd2 Bd7 10. e3 Nc6 11. a3 Be7 12. Bd3 a6 13. Ne4 O-O 14. O-O Rfd8
15. Nxf6+ Bxf6 16. Bc3 Bxc3 17. bxc3 Be8 18. Bc2 Na5 19. c5 Rd5 20. c6 Bxc6 21.
Be4 Rc5 22. Bxc6 Nxc6 23. Rac1 b5 24. Nd4 Ne5 25. f4 Nc4 26. Nb3 Rc6 27. Nd4
Rd6 28. e4 Nd2 29. e5 Rd7 30. Rfd1 Nc4 31. Ra1 Rad8 32. Rd3 c5 0-1

[Event "Tournoi francophone 008 Groupe C"]
[Site "Skype"]
[Date "????.??.??"]
[Round "2.5"]
[White "Gabriele, Noel"]
[Black "Malbec, Robert"]
[Result "0-1"]
[WhiteElo "1395"]
[BlackElo "1417"]
[PlyCount "118"]

1. Nf3 Nc6 2. c4 e5 3. e4 Nf6 4. d3 Bc5 5. h3 O-O 6. Bg5 d6 7. Nc3 h6 8. Bh4
Bb4 9. a3 Bxc3+ 10. bxc3 Qe7 11. Be2 Qe6 12. Nd2 Nh7 13. O-O Qg6 14. Bh5 Qe6
15. Bg4 Qg6 16. Bh5 Qe6 17. Bg4 Qe8 18. Bxc8 Rxc8 19. Qg4 g5 20. Bg3 f6 21. h4
Qf7 22. f4 f5 23. exf5 Qxf5 24. Qxf5 Rxf5 25. fxe5 Rxf1+ 26. Rxf1 gxh4 27. Bxh4
Nxe5 28. d4 Ng6 29. Bg3 Re8 30. Nf3 Re3 31. Rc1 Ng5 32. Bf2 Nxf3+ 33. gxf3 Rxf3
34. Kg2 Rd3 35. d5 Rd2 36. Kf1 a6 37. Re1 Kf7 38. Be3 Rh2 39. Kg1 Rh4 40. Rf1+
Kg8 41. c5 Rg4+ 42. Kh2 h5 43. Kh3 Kg7 44. cxd6 cxd6 45. Bd4+ Ne5 46. Re1 Rg5
47. Kh4 Rf5 48. Rg1+ Kh6 49. Be3+ Kh7 50. Kh3 Nc4 51. Bd4 Ne5 52. Rg3 Rf6 53.
Re3 Rf3+ 54. Kh4 Rxe3 55. Bxe3 Kg6 56. Kh3 Nc4 57. Bc1 Nb6 58. Bf4 Nxd5 59. c4
Nxf4+ 0-1

[Event "Tournoi francophone 008 Groupe C"]
[Site "Skype"]
[Date "????.??.??"]
[Round "3.1"]
[White "Malbec, Robert"]
[Black "Vincent, Andre"]
[Result "1/2-1/2"]
[WhiteElo "1417"]
[BlackElo "1337"]
[PlyCount "125"]

1. e4 c6 2. d4 d5 3. Nc3 e6 4. Nf3 Nd7 5. Bd2 Ne7 6. Bd3 Qc7 7. e5 a6 8. O-O c5
9. dxc5 Nxc5 10. Bf4 b5 11. a3 Nc6 12. Re1 Be7 13. h3 O-O 14. Qe2 Nxd3 15. Qxd3
Bb7 16. Ng5 Bxg5 17. Bxg5 Nxe5 18. Qg3 f6 19. Bf4 Qf7 20. Bxe5 fxe5 21. Rxe5
Rad8 22. Rae1 d4 23. Ne4 Bxe4 24. R5xe4 Rfe8 25. Rd1 e5 26. Rxe5 Rxe5 27. Qxe5
Qd5 28. Qxd5+ Rxd5 29. Rd3 Kf7 30. c3 Ke6 31. Rxd4 Rxd4 32. cxd4 Kd5 33. Kf1
Kxd4 34. Ke2 a5 35. Kd2 Kc4 36. Kc2 a4 37. g3 g5 38. f3 Kd4 39. h4 gxh4 40.
gxh4 h5 41. Kd2 Ke5 42. Kc3 Kf4 43. Kb4 Kxf3 44. Kxb5 Kg4 45. Kxa4 Kxh4 46. b4
Kg5 47. b5 h4 48. b6 h3 49. b7 h2 50. b8=Q h1=Q 51. Qb4 Kf5 52. Qb5+ Ke6 53.
Ka5 Kd6 54. a4 Qa8+ 55. Qa6+ Qc6 56. Qxc6+ Kxc6 57. Ka6 Kc7 58. Ka7 Kc6 59. a5
Kc7 60. a6 Kc8 61. Kb6 Kb8 62. Kc6 Ka7 63. Kb5 1/2-1/2

[Event "Tournoi francophone 008 Groupe C"]
[Site "Skype"]
[Date "????.??.??"]
[Round "3.2"]
[White "Harmelle, Dominique"]
[Black "Gabriele, Noel"]
[Result "0-1"]
[WhiteElo "1362"]
[BlackElo "1395"]
[PlyCount "114"]

1. d4 d5 2. Bf4 e6 3. e3 Nf6 4. Nd2 Be7 5. Ngf3 O-O 6. Bd3 Nc6 7. c3 Nh5 8. Bg3
f5 9. Ne5 Nf6 10. Nxc6 bxc6 11. Nf3 Bb7 12. Ne5 Ne4 13. Qh5 Rf6 14. Bf4 Rf8 15.
h4 Nf6 16. Qe2 Bd6 17. f3 Qe8 18. c4 Nh5 19. Bh2 f4 20. e4 c5 21. Qf2 Bxe5 22.
dxe5 d4 23. O-O Qg6 24. Rab1 Rad8 25. b4 cxb4 26. Rxb4 Ba6 27. Rfb1 Qf7 28. Ra4
Bc8 29. Rxa7 Rd7 30. c5 c6 31. Ra8 Bb7 32. Rxf8+ Kxf8 33. a4 Qe7 34. a5 Qxc5
35. a6 Bc8 36. Qd2 Qxe5 37. Qa2 Ra7 38. Qb3 Qc7 39. Qb4+ c5 40. Qb8 Kf7 41.
Qxc7+ Rxc7 42. Rb8 Ke7 43. Kf2 Kd8 44. Bc4 Kd7 45. Bb5+ Kd8 46. Bc4 Kd7 47. Ke2
Ra7 48. Rb6 Kc7 49. Rb2 Bxa6 50. Bxa6 Rxa6 51. Kd3 Ra3+ 52. Kc4 Rc3+ 53. Kb5 d3
54. Rd2 Kd6 55. Bg1 Ke5 56. Bxc5 Nf6 57. Bd4+ Kxd4 0-1

[Event "Tournoi francophone 008 Groupe C"]
[Site "Skype"]
[Date "????.??.??"]
[Round "3.3"]
[White "Hargez, Dany"]
[Black "Bustos, Ricardo"]
[Result "1-0"]
[WhiteElo "1292"]
[BlackElo "1282"]
[PlyCount "56"]

1. e4 c5 2. Nf3 Nc6 3. d4 cxd4 4. Nxd4 Nf6 5. Nxc6 bxc6 6. e5 Nd5 7. Bc4 Nb6 8.
Bb3 e6 9. O-O d5 10. Bf4 c5 11. c4 Ba6 12. Ba4+ Nxa4 13. Qxa4+ Qd7 14. Qxa6
dxc4 15. Qxc4 Be7 16. Qe2 O-O 17. Qg4 f5 18. Qg3 Qd8 19. Qe3 Rc8 20. Nc3 a6 21.
Rad1 Qe8 22. Bg5 Bxg5 23. Qxg5 Qg6 24. Qf4 Qg4 25. Qxg4 fxg4 26. Rd6 Rfe8 27.
Rxa6 Rcd8 28. Nb5 Rd5 1-0

[Event "Tournoi francophone 008 Groupe C"]
[Site "Skype"]
[Date "????.??.??"]
[Round "4.1"]
[White "Vincent, Andre"]
[Black "Marino, Giuseppe"]
[Result "0-1"]
[WhiteElo "1337"]
[BlackElo "1357"]
[PlyCount "89"]

1. Nf3 d5 2. d4 Bf5 3. Nbd2 Nf6 4. e3 e6 5. Be2 Bd6 6. O-O O-O 7. b3 c6 8. Bb2
Nbd7 9. c4 Re8 10. c5 Bc7 11. b4 e5 12. dxe5 Nxe5 13. Nd4 Bg6 14. Re1 a6 15. a4
Bc2 16. Qxc2 Neg4 17. N4f3 Be5 18. Nxe5 Nxe5 19. Bxe5 Rxe5 20. Bf3 Qd7 21. h3
Rae8 22. Rad1 Rg5 23. g4 h5 24. Kh1 hxg4 25. Rg1 Rh5 26. Bxg4 Rxh3+ 27. Kg2
Qxg4+ 28. Kf1 Qe6 29. Re1 Rh2 30. Nf3 Rh5 31. Ke2 Ne4 32. Qd3 Qf6 33. Rc1 Qb2+
34. Nd2 Qxd2+ 35. Qxd2 Nxd2 36. Kxd2 Rh2 37. Ke2 d4 38. Kf3 dxe3 39. fxe3 Rh3+
40. Rg3 Rxg3+ 41. Kxg3 Rxe3+ 42. Kf2 Re7 43. Re1 Rxe1 44. Kxe1 g5 45. Kf2 0-1

[Event "Tournoi francophone 008 Groupe C"]
[Site "Skype"]
[Date "????.??.??"]
[Round "4.4"]
[White "Gabriele, Noel"]
[Black "Hargez, Dany"]
[Result "0-1"]
[WhiteElo "1395"]
[BlackElo "1292"]
[PlyCount "36"]

1. Nf3 g6 2. d4 Bg7 3. c3 d6 4. e4 e5 5. dxe5 Bg4 6. Be2 Bxf3 7. Bxf3 Bxe5 8.
O-O Nf6 9. Nd2 Nbd7 10. Nc4 Qe7 11. Bh6 Ng8 12. Be3 h5 13. Qb3 b6 14. Qa3 Ngf6
15. Be2 Nxe4 16. f3 Bxh2+ 17. Kxh2 Qh4+ 18. Kg1 Ng3 0-1

[Event "Tournoi francophone 008 Groupe C"]
[Site "Skype"]
[Date "????.??.??"]
[Round "4.5"]
[White "Malbec, Robert"]
[Black "Harmelle, Dominique"]
[Result "0-1"]
[WhiteElo "1417"]
[BlackElo "1362"]
[PlyCount "46"]

1. e4 c5 2. Nf3 Nc6 3. d4 cxd4 4. Nxd4 e5 5. Nf3 Nf6 6. Nc3 a6 7. Bc4 Bb4 8.
Bd3 d6 9. Bd2 Bg4 10. O-O Nd4 11. a3 Bxf3 12. gxf3 Bc5 13. Bg5 h6 14. Bh4 g5
15. Bg3 h5 16. h4 Rg8 17. Kh2 g4 18. Be2 gxf3 19. Bxf3 Nxf3+ 20. Qxf3 Qd7 21.
Nd5 Nxd5 22. exd5 Rg4 23. Qf5 Qxf5 0-1

[Event "Tournoi francophone 008 Groupe C"]
[Site "Skype"]
[Date "????.??.??"]
[Round "5.1"]
[White "Harmelle, Dominique"]
[Black "Vincent, Andre"]
[Result "1-0"]
[WhiteElo "1362"]
[BlackElo "1337"]
[PlyCount "73"]

1. d4 Nf6 2. Bf4 d5 3. e3 Nc6 4. Nd2 e6 5. c3 Bd6 6. Bg5 O-O 7. Bd3 h6 8. Bh4
Re8 9. Ngf3 e5 10. dxe5 Bxe5 11. Nxe5 Rxe5 12. O-O Bf5 13. Bb5 a6 14. Bxc6 bxc6
15. Nf3 Re8 16. b4 Qd6 17. Bg3 Qe7 18. Nd4 Bg4 19. Qa4 Qd7 20. Qxc6 Qxc6 21.
Nxc6 Ne4 22. Rac1 Nxg3 23. hxg3 Bd7 24. Nd4 f5 25. Rfe1 g5 26. c4 c6 27. cxd5
cxd5 28. Rc5 Rec8 29. Rxd5 Ra7 30. Nxf5 Bxf5 31. Rxf5 Rac7 32. Ra5 Rc6 33. e4
Kf7 34. f4 g4 35. e5 Ke6 36. Rf1 Rf8 37. Rd1 1-0

[Event "Tournoi francophone 008 Groupe C"]
[Site "Skype"]
[Date "????.??.??"]
[Round "5.2"]
[White "Hargez, Dany"]
[Black "Malbec, Robert"]
[Result "0-1"]
[WhiteElo "1292"]
[BlackElo "1417"]
[PlyCount "96"]

1. e4 e5 2. d4 exd4 3. Qxd4 c5 4. Qd3 Qe7 5. Nf3 Nf6 6. Bg5 Qxe4+ 7. Qxe4+ Nxe4
8. Bf4 d6 9. Bd3 Nf6 10. Nc3 a6 11. O-O Be7 12. Rfe1 Be6 13. Rad1 O-O 14. b3
Nc6 15. Bg5 Bg4 16. Bxf6 Bxf6 17. Nd5 Bxf3 18. gxf3 Bg5 19. f4 Bh6 20. Kh1 Nd4
21. Ne7+ Kh8 22. c4 Bxf4 23. Rg1 Be5 24. Be4 Rab8 25. Rg4 g6 26. f4 Bg7 27. f5
Rbe8 28. Nd5 gxf5 29. Bxf5 Nxf5 30. Nc7 Ne3 31. Nxe8 Nxg4 32. Re1 Ne5 33. Nxd6
b6 34. Nf5 f6 35. h4 Rd8 36. Ne3 Rd4 37. Nf5 Rf4 38. Nxg7 Rxh4+ 39. Kg2 Rg4+
40. Kf2 Rxg7 41. Rg1 Rxg1 42. Kxg1 Kg7 43. Kg2 Kg6 44. Kg3 Kg5 45. a4 a5 46. b4
Nxc4 47. b5 h5 48. Kf3 Nb2 0-1

[Event "Tournoi francophone 008 Groupe C"]
[Site "Skype"]
[Date "????.??.??"]
[Round "5.5"]
[White "Marino, Giuseppe"]
[Black "Lemoine, Gerard"]
[Result "1/2-1/2"]
[WhiteElo "1357"]
[BlackElo "1559"]
[PlyCount "63"]

1. d4 d5 2. Bf4 Bf5 3. Nf3 e6 4. e3 Nf6 5. h3 Nbd7 6. Be2 Be7 7. O-O O-O 8.
Nbd2 c6 9. Bh2 Re8 10. Ne5 Nf8 11. Ndf3 Bd6 12. Ng5 Bxe5 13. Bxe5 Ne4 14. Nxe4
Bxe4 15. Bd3 Bxd3 16. Qxd3 Nd7 17. f4 Nb6 18. f5 Nc4 19. Rab1 f6 20. Bg3 exf5
21. Rf3 Re4 22. Bf2 Qd7 23. b3 Nd6 24. Rf1 g6 25. c3 Nf7 26. Rf4 Rae8 27. Rxe4
fxe4 28. Qe2 f5 29. Bg3 Ng5 30. Bf4 Ne6 31. Qf2 Nxf4 32. Qxf4 1/2-1/2

[Event "Tournoi francophone 008 Groupe C"]
[Site "Skype"]
[Date "????.??.??"]
[Round "6.1"]
[White "Vincent, Andre"]
[Black "Lemoine, Gerard"]
[Result "0-1"]
[WhiteElo "1337"]
[BlackElo "1559"]
[PlyCount "78"]

1. c4 c5 2. Nc3 e6 3. Nf3 Nc6 4. e3 Nf6 5. Be2 Be7 6. O-O O-O 7. d4 d5 8. Qc2
Re8 9. Rd1 Nd7 10. a3 Nf8 11. b4 b6 12. dxc5 bxc5 13. Na2 a6 14. Bb2 Bf6 15.
Bc3 Bb7 16. Qb2 Bxc3 17. Qxc3 cxb4 18. Nxb4 Ne7 19. Ne5 Rc8 20. g4 Qa5 21. h4
Ba8 22. f4 g6 23. Rd4 f6 24. Nf3 Nc6 25. Rd2 Kf7 26. g5 Nd7 27. gxf6 Nxf6 28.
Kf2 Ne4+ 29. Kg1 Nxc3 30. Ng5+ Kg7 31. Nxc6 Rxc6 32. Bd3 Nb5 33. Rda2 dxc4 34.
Bc2 Rd6 35. a4 Nc7 36. Bb3 cxb3 37. Rb2 Rd3 38. Kf2 Qc3 39. Kg3 Rxe3+ 0-1

[Event "Tournoi francophone 008 Groupe C"]
[Site "Skype"]
[Date "????.??.??"]
[Round "6.2"]
[White "Bustos, Ricardo"]
[Black "Marino, Giuseppe"]
[Result "1/2-1/2"]
[WhiteElo "1282"]
[BlackElo "1357"]
[PlyCount "78"]

1. d4 d5 2. c4 Nf6 3. Nc3 c6 4. Bg5 e6 5. Nf3 Bd6 6. e4 dxe4 7. Nxe4 Be7 8.
Nxf6+ Bxf6 9. Be3 O-O 10. Bd3 g6 11. O-O Re8 12. Bf4 b6 13. Re1 Bb7 14. Be4 Nd7
15. Ne5 Rc8 16. Qf3 Nxe5 17. dxe5 Bg7 18. Rad1 Qc7 19. Rd6 Red8 20. Red1 Rxd6
21. exd6 Qd7 22. b4 f5 23. Bc2 c5 24. Qa3 cxb4 25. Qxb4 Qc6 26. f3 Qd7 27. Bb3
Bc6 28. Bg3 Rd8 29. c5 bxc5 30. Qxc5 Rc8 31. Qb4 Bf8 32. Re1 Kf7 33. Bxe6+ Qxe6
34. Rxe6 Kxe6 35. Qc4+ Kf6 36. Qd4+ Ke6 37. Qe5+ Kf7 38. Qe7+ Bxe7 39. dxe7
Kxe7 1/2-1/2

[Event "Tournoi francophone 008 Groupe C"]
[Site "Skype"]
[Date "????.??.??"]
[Round "6.5"]
[White "Harmelle, Dominique"]
[Black "Hargez, Dany"]
[Result "1-0"]
[WhiteElo "1362"]
[BlackElo "1292"]
[PlyCount "99"]

1. d4 f5 2. Bg5 d5 3. e3 Qd6 4. Nc3 Bd7 5. Nf3 Nc6 6. Bf4 Qb4 7. Qc1 Nf6 8. a3
Qa5 9. b4 Qb6 10. Na4 Nxd4 11. Nxb6 Nxf3+ 12. gxf3 cxb6 13. Bd3 e6 14. Qd2 b5
15. Qe2 a6 16. h3 Be7 17. Be5 Nh5 18. f4 Nf6 19. Rc1 O-O 20. Rg1 Be8 21. Bxf6
Rxf6 22. c3 Rh6 23. Qf1 Bh5 24. Kd2 Rf8 25. Bc2 Bf3 26. a4 e5 27. axb5 d4 28.
Bb3+ Kh8 29. Qc4 dxe3+ 30. Kxe3 Rxh3 31. Rg3 exf4+ 32. Qxf4 Bg4 33. Rxh3 Bxh3
34. Kf3 h6 35. Rd1 Bf6 36. Re1 Bxc3 37. Qc7 Bxe1 38. Qe7 Bg4+ 39. Kg2 Rc8 40.
Qxe1 axb5 41. Qe6 h5 42. Qxc8+ Kh7 43. Bg8+ Kh6 44. Qe6+ Kg5 45. Bf7 f4 46.
Qe7+ Kh6 47. f3 Bf5 48. Qh4 g5 49. Qxh5+ Kg7 50. Be8 1-0

[Event "Tournoi francophone 008 Groupe C"]
[Site "Skype"]
[Date "????.??.??"]
[Round "7.1"]
[White "Hargez, Dany"]
[Black "Vincent, Andre"]
[Result "1-0"]
[WhiteElo "1292"]
[BlackElo "1337"]
[PlyCount "127"]

1. e4 e5 2. Nf3 d6 3. d4 exd4 4. Nxd4 Bd7 5. Bc4 Nf6 6. O-O Be7 7. Re1 O-O 8.
Bg5 c5 9. Nf3 Qc7 10. Bxf6 Bxf6 11. c3 Nc6 12. Bd5 Rae8 13. Na3 a6 14. Nc4 b5
15. Ncd2 Ne7 16. Nb3 c4 17. Nbd2 Be6 18. Bxe6 fxe6 19. Qe2 e5 20. Nf1 Ng6 21.
Ng3 Nf4 22. Qe3 g6 23. h4 Re7 24. Ng5 Bxg5 25. hxg5 Ref7 26. f3 Qa7 27. Qxa7
Rxa7 28. Ne2 Nd3 29. Rab1 Nxe1 30. Rxe1 a5 31. Rd1 Ra6 32. Rd5 b4 33. cxb4 axb4
34. Rb5 Rxa2 35. Rxb4 Rc8 36. Nc3 Ra5 37. Nd5 Ra1+ 38. Kh2 Kf8 39. Rb7 Rb1 40.
Rxh7 Kg8 41. Rb7 Kf8 42. Ne7 Rxb2 43. Nxg6+ Ke8 44. Rxb2 Kf7 45. Nh4 c3 46.
Rb7+ Kg8 47. Nf5 c2 48. Ne7+ Kf8 49. Nxc8 c1=Q 50. Rb8 Kg7 51. Rb7+ Kh8 52.
Nxd6 Qf4+ 53. Kh3 Qf8 54. Nf7+ Kg8 55. Nxe5 Qc8+ 56. Rd7 Kf8 57. Kh4 Ke8 58. g6
Kf8 59. Rf7+ Kg8 60. Nd7 Qd8+ 61. Kh5 Qa5+ 62. Kh6 Qd2+ 63. f4 Qxf4+ 64. Rxf4
1-0

[Event "Tournoi francophone 008 Groupe C"]
[Site "Skype"]
[Date "????.??.??"]
[Round "7.2"]
[White "Guillaume, Mickael"]
[Black "Harmelle, Dominique"]
[Result "1-0"]
[WhiteElo "1366"]
[BlackElo "1362"]
[PlyCount "71"]

1. d4 Nf6 2. c4 e5 3. dxe5 Ng4 4. Nf3 Nc6 5. Bg5 Be7 6. Bf4 Bb4+ 7. Nc3 Qe7 8.
Qd5 O-O 9. h3 Nh6 10. e4 d6 11. exd6 cxd6 12. O-O-O Bxc3 13. bxc3 Qf6 14. Bxh6
Qxc3+ 15. Kb1 Nb4 16. Qd2 Qa3 17. Bf4 Re8 18. Bxd6 a5 19. Bxb4 axb4 20. Qc2 b6
21. e5 g6 22. Bd3 Bd7 23. Qb2 Qa5 24. Bxg6 Be6 25. Bd3 Rec8 26. Rc1 Rc7 27. Ng5
b3 28. Bxh7+ Kg7 29. axb3 Rca7 30. Be4 Rd8 31. Rhd1 Rc8 32. Rd6 Re8 33. b4 Qa6
34. Nxe6+ fxe6 35. c5 Qa4 36. Bc6 1-0

[Event "Tournoi francophone 008 Groupe C"]
[Site "Skype"]
[Date "????.??.??"]
[Round "7.4"]
[White "Marino, Giuseppe"]
[Black "Gabriele, Noel"]
[Result "1/2-1/2"]
[WhiteElo "1357"]
[BlackElo "1395"]
[PlyCount "56"]

1. d4 d5 2. Nf3 Nf6 3. Bf4 e6 4. e3 c6 5. Bd3 Be7 6. h3 O-O 7. O-O Ne4 8. Nbd2
f5 9. c3 Nd7 10. a3 Ndf6 11. Rc1 Bd6 12. Bxd6 Qxd6 13. c4 Qe7 14. cxd5 exd5 15.
b4 Be6 16. Nh2 Nxd2 17. Qxd2 Ne4 18. Qd1 f4 19. exf4 Rxf4 20. Bxe4 dxe4 21. Qd2
Raf8 22. f3 Bd5 23. fxe4 Qxe4 24. Rxf4 Rxf4 25. Nf3 Qf5 26. Rf1 g5 27. Qe1 Be4
28. Nh2 Rxf1+ 1/2-1/2

[Event "Tournoi francophone 008 Groupe C"]
[Site "Skype"]
[Date "????.??.??"]
[Round "7.5"]
[White "Lemoine, Gerard"]
[Black "Bustos, Ricardo"]
[Result "1-0"]
[WhiteElo "1559"]
[BlackElo "1282"]
[PlyCount "59"]

1. d4 Nf6 2. c4 e5 3. dxe5 Ng4 4. Bf4 Nc6 5. Nf3 Qe7 6. Bg5 Qb4+ 7. Qd2 Qxd2+
8. Nbxd2 Ngxe5 9. Bf4 d6 10. e3 Nxf3+ 11. Nxf3 h6 12. Bd3 Nb4 13. Bb1 g5 14. a3
Nc6 15. Bg3 Bg7 16. Ra2 Ne5 17. Nd2 Be6 18. b3 h5 19. f4 gxf4 20. Bxf4 Ng6 21.
O-O O-O-O 22. Bg5 Rdf8 23. Ne4 d5 24. Nc5 f6 25. Nxe6 fxg5 26. Nxf8 Rxf8 27.
Bxg6 Rxf1+ 28. Kxf1 Be5 29. Rf2 Bxh2 30. Rf8+ 1-0

[Event "Tournoi francophone 008 Groupe C"]
[Site "Skype"]
[Date "????.??.??"]
[Round "8.1"]
[White "Vincent, Andre"]
[Black "Bustos, Ricardo"]
[Result "1-0"]
[WhiteElo "1337"]
[BlackElo "1282"]
[PlyCount "40"]

1. e4 c5 2. Nf3 d6 3. Bb5+ Bd7 4. Bxd7+ Nxd7 5. d4 Ngf6 6. Nc3 Qa5 7. Bd2 Qc7
8. O-O e6 9. Re1 Be7 10. Qe2 O-O 11. e5 dxe5 12. dxe5 Ng4 13. Bf4 h6 14. h3
Ngxe5 15. Bxe5 Nxe5 16. Nxe5 Bf6 17. Nf3 a6 18. Rab1 b5 19. Ne4 Be7 20. Rbd1
Rad8 1-0

[Event "Tournoi francophone 008 Groupe C"]
[Site "Skype"]
[Date "????.??.??"]
[Round "8.2"]
[White "Gabriele, Noel"]
[Black "Lemoine, Gerard"]
[Result "1/2-1/2"]
[WhiteElo "1395"]
[BlackElo "1559"]
[PlyCount "71"]

1. Nf3 d5 2. d4 Bf5 3. e3 e6 4. Nc3 c6 5. Be2 Nf6 6. Ne5 Bb4 7. O-O Qc7 8. a3
Bxc3 9. bxc3 Ne4 10. Bb2 c5 11. f3 Nf6 12. Bb5+ Nc6 13. Bd3 Bxd3 14. cxd3 Nxe5
15. dxe5 Qxe5 16. Qe2 O-O 17. f4 Qh5 18. Qxh5 Nxh5 19. Rf2 Nf6 20. Raf1 Ng4 21.
Re2 f5 22. h3 Nf6 23. Rf3 g6 24. c4 dxc4 25. Bxf6 Rxf6 26. dxc4 Rd8 27. Kh2 Rf7
28. a4 Rd3 29. Rff2 Rfd7 30. e4 Kf7 31. e5 R7d4 32. Rb2 b6 33. a5 b5 34. cxb5
Rb4 35. b6 Rdb3 36. bxa7 1/2-1/2

[Event "Tournoi francophone 008 Groupe C"]
[Site "Skype"]
[Date "????.??.??"]
[Round "8.3"]
[White "Malbec, Robert"]
[Black "Marino, Giuseppe"]
[Result "1/2-1/2"]
[WhiteElo "1417"]
[BlackElo "1357"]
[PlyCount "118"]

1. e4 e5 2. Nf3 d6 3. Bc4 Be7 4. d4 exd4 5. Qxd4 Bf6 6. Qd5 Qe7 7. Qd3 Nc6 8.
a3 a6 9. O-O Be6 10. Re1 Bxc4 11. Qxc4 Ne5 12. Qa4+ c6 13. Nxe5 dxe5 14. Nd2
Bg5 15. Nf3 Bxc1 16. Raxc1 Nf6 17. Rcd1 O-O 18. Qb3 h6 19. Qc3 Rfe8 20. Qb3
Rad8 21. Rxd8 Rxd8 22. Nh4 Nxe4 23. Nf5 Qf6 24. Qf3 Ng5 25. Qg4 h5 26. Qxh5
Qxf5 27. h4 g6 28. Qxg5 Qxg5 29. hxg5 Rd2 30. Rc1 Kf8 31. Kf1 Ke7 32. Ke1 Rd4
33. f3 Ke6 34. g4 e4 35. Kf2 Ke5 36. Ke3 exf3 37. Kxf3 Rf4+ 38. Kg3 Rd4 39.
Re1+ Re4 40. Rd1 Re3+ 41. Kf2 Kf4 42. Rd4+ Re4 43. Rd7 Kxg4 44. Rxf7 Rf4+ 45.
Rxf4+ Kxf4 46. c4 b5 47. cxb5 cxb5 48. b3 Kxg5 49. Kf3 Kh4 50. a4 bxa4 51. bxa4
g5 52. a5 Kh3 53. Kf2 g4 54. Kg1 g3 55. Kh1 Kg4 56. Kg2 Kf4 57. Kg1 Kf3 58. Kf1
g2+ 59. Kg1 Kg3 1/2-1/2

[Event "Tournoi francophone 008 Groupe C"]
[Site "Skype"]
[Date "????.??.??"]
[Round "8.4"]
[White "Harmelle, Dominique"]
[Black "Bouffard, Georges"]
[Result "1-0"]
[WhiteElo "1362"]
[BlackElo "1224"]
[PlyCount "61"]

1. d4 Nf6 2. Bf4 d6 3. h3 b6 4. e3 h6 5. Nd2 Nd5 6. Bh2 e6 7. c3 Be7 8. Ngf3 f5
9. Bd3 O-O 10. Qc2 Bf6 11. e4 g6 12. exd5 exd5 13. O-O-O Nc6 14. Rhg1 Ne7 15.
g4 g5 16. gxf5 Rf7 17. Nh4 Rg7 18. Ng2 h5 19. Ne3 c6 20. f4 Bd7 21. fxg5 Rxg5
22. Nf3 Rg7 23. Rxg7+ Bxg7 24. Rg1 Be8 25. f6 Ng6 26. fxg7 Kxg7 27. Bxg6 Bxg6
28. Qxg6+ Kf8 29. Bxd6+ Qxd6 30. Qxd6+ Kf7 31. Ne5+ 1-0